[Event "M.Chigorin Memorial 2017 "]
[Site "?????-?????????"]
[Date "2017.10.21"]
[Round "1"]
[Board "152"]
[White "Shceglov, Mikhail"]
[Black "Azimov, Ilyas"]
[Result "0-1"]
[WhiteElo "1503"]
[BlackElo "2195"]
[PlyCount "60"]
[EventDate "2017.10.21"]
[EventRounds "9"]
[EventCountry "RUS"]

1. e4 c5 2. Nf3 d6 3. d4 cxd4 4. Nxd4 Nf6 5. Nc3 a6 6. Be2 e5 7. Nb3 Be7 8. O-O
O-O 9. Be3 Qc7 10. Qd3 b5 11. Nd5 Nxd5 12. exd5 f5 13. f4 g6 14. a4 b4 15. Rac1
a5 16. c4 Nd7 17. Nd2 Nc5 18. Bxc5 Qxc5+ 19. Kh1 exf4 20. Rxf4 Bg5 21. Rf3 Bd7
22. Nb3 Qa7 23. Re1 Bf6 24. Re3 Bxb2 25. Bf3 Bc3 26. R1e2 Rf7 27. h4 Bxa4 28.
Nd2 Qd4 29. Nb1 Qxh4+ 30. Kg1 Bd4  0-1

[Event "M.Chigorin Memorial 2017 "]
[Site "?????-?????????"]
[Date "2017.10.21"]
[Round "1"]
[Board "153"]
[White "Nandhidhaa, Pv"]
[Black "Astakhov, Dmitrii"]
[Result "1-0"]
[WhiteElo "2190"]
[BlackElo "1490"]
[PlyCount "45"]
[EventDate "2017.10.21"]
[EventRounds "9"]
[EventCountry "RUS"]

1. e4 c6 2. d4 d5 3. Nd2 dxe4 4. Nxe4 Nd7 5. Nf3 Ngf6 6. Ng3 e6 7. Bd3 Be7 8.
O-O O-O 9. Re1 Qc7 10. c3 b6 11. Nf5 Bd8 12. Nxg7 Kxg7 13. Qd2 Kh8 14. Ng5 Ng4
15. g3 Bxg5 16. Qxg5 Rg8 17. Qh4 Ngf6 18. Bg5 Rxg5 19. Qxg5 Bb7 20. c4 c5 21.
d5 Rg8 22. Qh6 exd5 23. Re7  1-0

[Event "M.Chigorin Memorial 2017 "]
[Site "?????-?????????"]
[Date "2017.10.21"]
[Round "1"]
[Board "154"]
[White "Pogorelov, Boris"]
[Black "Kotau, Arseni"]
[Result "0-1"]
[WhiteElo "1484"]
[BlackElo "2187"]
[PlyCount "82"]
[EventDate "2017.10.21"]
[EventRounds "9"]
[EventCountry "RUS"]

1. e4 c5 2. c3 d6 3. d4 Nf6 4. Bd3 g6 5. Nf3 Bg7 6. O-O O-O 7. h3 Nc6 8. Be3
cxd4 9. Nxd4 Ne5 10. Re1 Nxd3 11. Qxd3 Bd7 12. Nd2 a6 13. Qc2 Qc7 14. Rac1 Rac8
15. Qb3 e5 16. N4f3 Bc6 17. Qc2 b5 18. Red1 Qb7 19. Qb3 h6 20. Nh2 Bxe4 21.
Nxe4 Nxe4 22. f3 Ng3 23. Kf2 Nf5 24. Rd3 h5 25. Rcd1 Qe7 26. Qa3 Rc6 27. Nf1 e4
28. R3d2 exf3 29. g3 h4 30. g4 Nxe3 31. Nxe3 Qe5 32. Nf1 Bh6 33. Re1 Qf6 34.
Rd4 Bf4 35. Rd3 Qg5 36. Qb4 Rc4 37. Qa3 Bg3+ 38. Nxg3 hxg3+ 39. Kxg3 Qf4+ 40.
Kh4 Kg7 41. Qxd6 Rh8#  0-1

[Event "M.Chigorin Memorial 2017 "]
[Site "?????-?????????"]
[Date "2017.10.21"]
[Round "1"]
[Board "155"]
[White "Oglaza, Oskar"]
[Black "Timofeev, Vsevolod"]
[Result "1-0"]
[WhiteElo "2182"]
[BlackElo "1479"]
[PlyCount "51"]
[EventDate "2017.10.21"]
[EventRounds "9"]
[EventCountry "RUS"]

1. e4 e5 2. Nf3 Nc6 3. d4 exd4 4. Nxd4 Bc5 5. Nb3 Bb6 6. Nc3 d6 7. Qe2 Be6 8.
Be3 Bxe3 9. Qxe3 Nf6 10. O-O-O a6 11. f3 b5 12. g4 h6 13. h4 b4 14. Nd5 a5 15.
Bb5 Bd7 16. e5 Nxd5 17. Rxd5 Nxe5 18. Rxe5+ dxe5 19. Qxe5+ Qe7 20. Bxd7+ Kxd7
21. Qd5+ Qd6 22. Nc5+ Ke7 23. Re1+ Qe6 24. Rxe6+ fxe6 25. Qxe6+ Kf8 26. Nd7#
 1-0

[Event "M.Chigorin Memorial 2017 "]
[Site "?????-?????????"]
[Date "2017.10.21"]
[Round "1"]
[Board "156"]
[White "Biyachuev, Minkail"]
[Black "Navrodskiy, Boris"]
[Result "0-1"]
[WhiteElo "1475"]
[BlackElo "2180"]
[PlyCount "66"]
[EventDate "2017.10.21"]
[EventRounds "9"]
[EventCountry "RUS"]

1. d4 d5 2. Bf4 Nf6 3. Nf3 c5 4. c3 Nc6 5. e3 Qb6 6. Qc2 g6 7. Nbd2 Bg7 8. Qb1
Bf5 9. Qc1 Rc8 10. Ne5 cxd4 11. c4 Nb4 12. e4 Nxe4 13. Nd3 Nxd2 14. Qxd2 Nxd3+
15. Bxd3 Bxd3 16. Qxd3 Qe6+ 17. Kd2 dxc4 18. Qa3 c3+ 19. bxc3 dxc3+ 20. Kc1 c2
21. Qa4+ Qc6 22. Qa3 O-O 23. Qxe7 Bxa1 24. Be5 Bxe5 25. Qxe5 Qb6 26. Qa1 Qxf2
27. Qe5 Qb6 28. Qa1 Qf2 29. Qe5 Rfe8 30. Qa5 Qd4 31. Re1 Qa1+ 32. Kd2 Qxe1+ 33.
Kd3 Qe3#  0-1

[Event "M.Chigorin Memorial 2017 "]
[Site "?????-?????????"]
[Date "2017.10.21"]
[Round "1"]
[Board "157"]
[White "Zhou, Guijue"]
[Black "Khalilov, Emin"]
[Result "1-0"]
[WhiteElo "2179"]
[BlackElo "1470"]
[PlyCount "93"]
[EventDate "2017.10.21"]
[EventRounds "9"]
[EventCountry "RUS"]

1. e4 d5 2. exd5 Qxd5 3. Nc3 Qa5 4. d4 Nf6 5. Nf3 Bg4 6. Be2 Nc6 7. Be3 O-O-O
8. Nd2 Bxe2 9. Qxe2 e6 10. Nb3 Qf5 11. O-O-O Bb4 12. Na4 Nd5 13. a3 Be7 14.
Nac5 Nb8 15. Kb1 Nd7 16. g4 Qg6 17. Nd3 N5f6 18. h3 Nd5 19. Ka1 h6 20. c4 Nxe3
21. fxe3 f6 22. Nf4 Qf7 23. d5 exd5 24. cxd5 Ne5 25. e4 Kb8 26. Rc1 Rd6 27. Nd4
Rc8 28. Rc3 a6 29. Rhc1 g6 30. Qc2 Bd8 31. Nfe6 g5 32. Qb3 Ka8 33. Nf5 Rd7 34.
Nc5 Rb8 35. Nxd7 Qxd7 36. Nxh6 Qh7 37. Nf5 Qd7 38. Nd4 Qd6 39. Ne6 c6 40. Rd1
Qe7 41. dxc6 Nxc6 42. Rcd3 Ba5 43. Rd7 Qe8 44. Nc5 Qc8 45. Qe6 Bb6 46. Na4 Bd4
47. R1xd4  1-0

[Event "M.Chigorin Memorial 2017 "]
[Site "?????-?????????"]
[Date "2017.10.21"]
[Round "1"]
[Board "158"]
[White "Mustafazade, Fikrat"]
[Black "Semenenko, Sergey"]
[Result "0-1"]
[WhiteElo "1466"]
[BlackElo "2175"]
[PlyCount "88"]
[EventDate "2017.10.21"]
[EventRounds "9"]
[EventCountry "RUS"]

1. d4 Nf6 2. c4 e6 3. a3 b6 4. Nc3 Bb7 5. f3 d5 6. cxd5 exd5 7. Bg5 Be7 8. e3
Nbd7 9. Bd3 O-O 10. Nh3 h6 11. Bf4 c5 12. O-O a6 13. a4 Re8 14. Re1 Bf8 15. Qd2
g6 16. dxc5 bxc5 17. e4 c4 18. Bc2 d4 19. Na2 d3 20. Bd1 g5 21. Bg3 Rc8 22. Nc3
Nc5 23. a5 Bg7 24. e5 Nh5 25. f4 Nxg3 26. hxg3 Qd4+ 27. Re3 Rcd8 28. Na4 Ne4
29. Qe1 d2 30. Qe2 Nxg3 31. Qf2 Ne4 32. Qe2 gxf4 33. Nxf4 Rxe5 34. Nd5 Rdxd5
35. Raa3 Ng5 36. Kh1 Rxe3 37. Qxe3 Qh4+ 38. Kg1 Bd4 39. Kf1 Bxe3 40. Rxe3 Qh1+
41. Kf2 Qxd1 42. Nc3 Rf5+ 43. Kg3 Qe1+ 44. Rxe1 dxe1=Q+  0-1

[Event "M.Chigorin Memorial 2017 "]
[Site "?????-?????????"]
[Date "2017.10.21"]
[Round "1"]
[Board "159"]
[White "Petrova, Irina"]
[Black "Serov, Aleksandr"]
[Result "1-0"]
[WhiteElo "2174"]
[BlackElo "1456"]
[PlyCount "95"]
[EventDate "2017.10.21"]
[EventRounds "9"]
[EventCountry "RUS"]

1. e4 c6 2. d4 d5 3. Nc3 dxe4 4. Nxe4 Bf5 5. Ng3 Bg6 6. h4 h6 7. Nf3 Nf6 8. h5
Bh7 9. Bd3 Bxd3 10. Qxd3 e6 11. Bd2 Nbd7 12. O-O-O Bd6 13. Ne4 Nxe4 14. Qxe4
Nf6 15. Qe2 Qc7 16. Kb1 O-O-O 17. c4 Bf4 18. Bc3 Rhe8 19. Ne5 Bxe5 20. dxe5 Nd7
21. f4 c5 22. Qg4 Rg8 23. b3 Nb8 24. Rxd8+ Qxd8 25. Rd1 Qe7 26. f5 Nc6 27. Rf1
Qd7 28. Kb2 Kb8 29. f6 g6 30. hxg6 Qd3 31. gxf7 Rxg4 32. f8=Q+ Nd8 33. f7 Rxg2+
34. Ka3 b5 35. Qd6+ Qxd6 36. exd6 Nxf7 37. Rxf7 b4+ 38. Bxb4 cxb4+ 39. Kxb4 Rg8
40. c5 a6 41. c6 h5 42. Rb7+ Ka8 43. Rh7 Rg5 44. d7 Rb5+ 45. Kc4 Rb8 46. c7 Rb7
47. c8=Q+ Ka7 48. Qxb7+  1-0

[Event "M.Chigorin Memorial 2017 "]
[Site "?????-?????????"]
[Date "2017.10.21"]
[Round "1"]
[Board "160"]
[White "Sviridov, Leon"]
[Black "Komov, Roman"]
[Result "0-1"]
[WhiteElo "1427"]
[BlackElo "2168"]
[PlyCount "64"]
[EventDate "2017.10.21"]
[EventRounds "9"]
[EventCountry "RUS"]

1. d4 Nf6 2. c4 e6 3. Nc3 Bb4 4. e3 O-O 5. Bd3 Bxc3+ 6. bxc3 d6 7. Nf3 Nbd7 8.
O-O b6 9. a4 a5 10. Re1 Bb7 11. e4 e5 12. d5 Nc5 13. Ba3 Qe7 14. Bxc5 dxc5 15.
Rb1 Ne8 16. Nd2 Bc8 17. Rb2 Nd6 18. Nb1 f5 19. f3 fxe4 20. fxe4 Bd7 21. Na3 Qg5
22. Nb5 Bxb5 23. cxb5 c4 24. Bb1 Rf4 25. Qd2 Raf8 26. g3 Qg6 27. Qe2 Rf3 28.
Qd2 Rxg3+ 29. hxg3 Qxg3+ 30. Kh1 Rf4 31. Qxf4 Qxe1+ 32. Kg2 exf4  0-1

[Event "M.Chigorin Memorial 2017 "]
[Site "?????-?????????"]
[Date "2017.10.21"]
[Round "1"]
[Board "161"]
[White "Volkov, Roman"]
[Black "Oskin, Iakov"]
[Result "1-0"]
[WhiteElo "2165"]
[BlackElo "1410"]
[PlyCount "47"]
[EventDate "2017.10.21"]
[EventRounds "9"]
[EventCountry "RUS"]

1. e4 c5 2. Nf3 d6 3. d4 cxd4 4. Nxd4 Nf6 5. Nc3 g6 6. Be3 Bg7 7. f3 O-O 8. Qd2
Nc6 9. g4 h5 10. gxh5 Nxh5 11. O-O-O a6 12. Be2 Bd7 13. Rhg1 Qa5 14. Kb1 b5 15.
Nxc6 Bxc6 16. Nd5 Qd8 17. f4 Bxd5 18. exd5 Nf6 19. f5 Ne4 20. Qb4 Nf6 21. fxg6
a5 22. Qh4 e5 23. Bh6 Ne8 24. Bg5  1-0

[Event "M.Chigorin Memorial 2017 "]
[Site "?????-?????????"]
[Date "2017.10.21"]
[Round "1"]
[Board "162"]
[White "Naryshkina, Irina"]
[Black "Derli, Olga"]
[Result "0-1"]
[WhiteElo "1382"]
[BlackElo "2162"]
[PlyCount "58"]
[EventDate "2017.10.21"]
[EventRounds "9"]
[EventCountry "RUS"]

1. d4 Nf6 2. c4 g6 3. Nf3 Bg7 4. e3 d6 5. Bd3 O-O 6. O-O Nc6 7. Nc3 e5 8. d5
Nb4 9. e4 Nxd3 10. Qxd3 Nh5 11. Ne2 h6 12. h3 f5 13. Ng3 Nf4 14. Qc2 fxe4 15.
Qxe4 Qf6 16. Bd2 Nxh3+ 17. Kh2 Bf5 18. Nxf5 gxf5 19. Qc2 Ng5 20. Nxg5 hxg5 21.
Rh1 Kf7 22. g3 f4 23. f3 Qg6 24. Qa4 Ke7 25. Kg2 g4 26. gxf4 gxf3+ 27. Kxf3
Qd3+ 28. Kg4 Qxd2 29. Raf1 Qg2+  0-1

[Event "M.Chigorin Memorial 2017 "]
[Site "?????-?????????"]
[Date "2017.10.21"]
[Round "1"]
[Board "163"]
[White "Vunder, Andrey"]
[Black "Koltsova, Alisa"]
[Result "1-0"]
[WhiteElo "2161"]
[BlackElo "1378"]
[PlyCount "67"]
[EventDate "2017.10.21"]
[EventRounds "9"]
[EventCountry "RUS"]

1. d4 d5 2. Bf4 Bf5 3. c4 dxc4 4. Nc3 Nf6 5. e3 e6 6. Bxc4 Nc6 7. Nf3 Bd6 8.
Bg5 Be7 9. Bb5 O-O 10. Bxc6 bxc6 11. Ne5 Qd6 12. Qa4 c5 13. Nc6 cxd4 14. exd4
a6 15. O-O Rfe8 16. h3 Bd3 17. Rfd1 Bg6 18. Rac1 h6 19. Bh4 Bh5 20. Re1 g5 21.
Bg3 Qd7 22. Be5 Bg6 23. Nxe7+ Qxe7 24. Bxf6 Qxf6 25. Nd5 Qd8 26. Nxc7 Kf8 27.
d5 Qd6 28. dxe6 fxe6 29. Nxa8 Rxa8 30. Qc6 Qxc6 31. Rxc6 Bf7 32. Re3 Ra7 33.
Ra3 Ke8 34. Rcxa6  1-0

[Event "M.Chigorin Memorial 2017 "]
[Site "?????-?????????"]
[Date "2017.10.21"]
[Round "1"]
[Board "164"]
[White "Petrova, Varvara"]
[Black "Scheglov, Dmitry"]
[Result "0-1"]
[WhiteElo "1362"]
[BlackElo "2155"]
[PlyCount "78"]
[EventDate "2017.10.21"]
[EventRounds "9"]
[EventCountry "RUS"]

1. e4 c5 2. Nf3 e6 3. d4 cxd4 4. Nxd4 a6 5. c4 Nf6 6. Nc3 Bb4 7. Qd3 d6 8. Be2
Nbd7 9. Qc2 O-O 10. O-O Qc7 11. Be3 Ne5 12. Nd1 Bd7 13. f3 Rac8 14. b3 Rfd8 15.
Rc1 Bc5 16. Qb2 Nc6 17. Nc2 Qb6 18. a3 Ne5 19. b4 Bxe3+ 20. Ncxe3 h5 21. Kh1 h4
22. c5 Qc7 23. Qd4 Ng6 24. Nb2 dxc5 25. Rxc5 Bc6 26. Qc3 Nf4 27. Bc4 Qe7 28.
Bxa6 h3 29. Bc4 Nd7 30. Ra5 b5 31. Bd3 Bxe4 32. Qb3 Qg5 33. gxh3 Nxd3 34. Nxd3
Qxe3 35. fxe4 Qxe4+ 36. Kg1 Qe3+ 37. Kg2 Ne5 38. Nc5 Rd2+ 39. Kh1 Qe2  0-1

[Event "M.Chigorin Memorial 2017 "]
[Site "?????-?????????"]
[Date "2017.10.21"]
[Round "1"]
[Board "165"]
[White "Garanin, Aleksei"]
[Black "Ali, Ahad"]
[Result "1-0"]
[WhiteElo "2145"]
[BlackElo "1356"]
[PlyCount "99"]
[EventDate "2017.10.21"]
[EventRounds "9"]
[EventCountry "RUS"]

1. d4 Nf6 2. c4 e6 3. g3 d5 4. Nf3 c5 5. cxd5 exd5 6. Bg2 Nc6 7. O-O Be7 8. Nc3
O-O 9. Bg5 Be6 10. dxc5 Bxc5 11. Rc1 Be7 12. Nd4 h6 13. Be3 a6 14. Na4 Nxd4 15.
Qxd4 Ng4 16. Bf4 Bf6 17. Qb4 b5 18. Bc7 Be7 19. Qa5 Qe8 20. Nb6 Ra7 21. Nxd5
Bxd5 22. Bxd5 Bg5 23. Rc2 Be3 24. Bf3 Nxf2 25. Rxf2 Qe6 26. Kg2 Bxf2 27. Kxf2
Rc8 28. Rc3 Qh3 29. Qb6 Qxh2+ 30. Bg2 Raa8 31. g4 Qh4+ 32. Bg3 Qxg4 33. Bxa8
Rxa8 34. Rf3 h5 35. Rf4 Qg5 36. Qb7 Rf8 37. Qf3 Qc5+ 38. Kg2 g6 39. Rf6 Qg5 40.
Qf4 Qd5+ 41. Qf3 Qg5 42. Kf2 Qc5+ 43. Qe3 Qc8 44. Qe7 Qg4 45. Rf3 Qd4+ 46. Kg2
Qxb2 47. Bd6 Qg7 48. Qxf8+ Qxf8 49. Bxf8 Kxf8 50. Rf6  1-0

[Event "M.Chigorin Memorial 2017 "]
[Site "?????-?????????"]
[Date "2017.10.21"]
[Round "1"]
[Board "166"]
[White "Oganian, Miran"]
[Black "Shakirova, Renata"]
[Result "1-0"]
[WhiteElo "2454"]
[BlackElo "2004"]
[PlyCount "99"]
[EventDate "2017.10.21"]
[EventRounds "9"]
[EventCountry "RUS"]

1. d4 Nf6 2. c4 e6 3. g3 d5 4. Nf3 Be7 5. Bg2 O-O 6. O-O dxc4 7. Qc2 a6 8. Qxc4
b5 9. Qc2 Bb7 10. Bd2 Be4 11. Qc1 b4 12. Bg5 Nbd7 13. Nbd2 Bb7 14. Nb3 a5 15.
Rd1 h6 16. Bxf6 Nxf6 17. Nc5 Bd5 18. Ne5 Bxg2 19. Kxg2 Qd5+ 20. f3 Bxc5 21.
Qxc5 Qxc5 22. dxc5 Rfd8 23. e4 Kf8 24. Kf2 Ke8 25. Ke3 Rdb8 26. g4 Rb5 27. Rac1
a4 28. Rc4 b3 29. a3 Ng8 30. Nc6 Ne7 31. Rxa4 Nxc6 32. Rxa8+ Ke7 33. Rc1 Ne5
34. Ra4 Nc6 35. Rac4 e5 36. Rd1 Ke6 37. h4 g6 38. Rd3 Na5 39. Rcc3 f6 40. Rd8
c6 41. Ra8 Nb7 42. Ra6 Nd8 43. Rb6 Ra5 44. Rbxb3 f5 45. Rb8 Nf7 46. b4 Ra7 47.
Rd3 fxg4 48. fxg4 h5 49. g5 Ke7 50. Rg8  1-0

[Event "M.Chigorin Memorial 2017 "]
[Site "?????-?????????"]
[Date "2017.10.21"]
[Round "1"]
[Board "167"]
[White "Misyura, Ilya"]
[Black "Palchun, Grigory"]
[Result "0-1"]
[WhiteElo "1974"]
[BlackElo "2441"]
[PlyCount "86"]
[EventDate "2017.10.21"]
[EventRounds "9"]
[EventCountry "RUS"]

1. d4 Nf6 2. c4 e6 3. Nc3 Bb4 4. e3 O-O 5. Bd3 c5 6. Nge2 d5 7. cxd5 cxd4 8.
exd4 Nxd5 9. O-O Nc6 10. Nxd5 Qxd5 11. Qc2 h6 12. a3 Bd6 13. Be3 Qh5 14. Ng3
Qh4 15. Be4 Bd7 16. f4 Rac8 17. Qd2 Bc7 18. d5 Na5 19. Qd3 Rfd8 20. b4 exd5 21.
Bh7+ Kh8 22. bxa5 d4 23. Bxd4 Be6 24. Nf5 Qf6 25. Qe3 Rxd4 26. Nxd4 Bxa5 27.
Rac1 Rxc1 28. Rxc1 Bb6 29. Rd1 Kxh7 30. Kh1 Bg4 31. Qe4+ g6 32. Nf3 Bc7 33. Rf1
Qa6 34. Re1 Bd6 35. Qe8 Kg7 36. Ne5 Be6 37. Nxg6 Kxg6 38. Qg8+ Kf6 39. Qd8+ Kg7
40. f5 Bxf5 41. g4 Be4+ 42. Kg1 Qd3 43. Rf1 Bc5+  0-1

[Event "M.Chigorin Memorial 2017 "]
[Site "?????-?????????"]
[Date "2017.10.21"]
[Round "1"]
[Board "168"]
[White "Bodnaruk, Anastasia"]
[Black "Klevets, Ksenia"]
[Result "1-0"]
[WhiteElo "2432"]
[BlackElo "1948"]
[PlyCount "49"]
[EventDate "2017.10.21"]
[EventRounds "9"]
[EventCountry "RUS"]

1. e4 c5 2. b3 Nc6 3. Bb2 d6 4. Bb5 a6 5. Bxc6+ bxc6 6. f4 Nf6 7. d3 d5 8. Qe2
e6 9. Nf3 Be7 10. O-O O-O 11. Nbd2 a5 12. a4 Ba6 13. e5 Nd7 14. g4 Re8 15. g5
Rb8 16. c4 Nf8 17. Ne1 Ng6 18. Ng2 Bf8 19. Rf3 Ne7 20. Rh3 Nf5 21. Qh5 h6 22.
gxh6 gxh6 23. Kh1 Kh8 24. Rg1 Qe7 25. Ne3  1-0

[Event "M.Chigorin Memorial 2017 "]
[Site "?????-?????????"]
[Date "2017.10.21"]
[Round "1"]
[Board "169"]
[White "Khalikov, Bulat"]
[Black "Ovod, Evgenija"]
[Result "0-1"]
[WhiteElo "1925"]
[BlackElo "2379"]
[PlyCount "68"]
[EventDate "2017.10.21"]
[EventRounds "9"]
[EventCountry "RUS"]

1. e4 e5 2. Nf3 Nc6 3. Bc4 Bc5 4. c3 Nf6 5. d3 a6 6. a4 O-O 7. Bg5 d6 8. O-O
Ba7 9. Nbd2 h6 10. Bh4 g5 11. Nxg5 hxg5 12. Bxg5 Kg7 13. Kh1 Rh8 14. f4 Ng4 15.
Nf3 f6 16. Bh4 Ne3 17. Qe1 Nxf1 18. f5 Bxf5 19. exf5 d5 20. Ba2 Qd7 21. Qxf1
Rad8 22. g4 e4 23. dxe4 dxe4 24. Bxf6+ Kxf6 25. g5+ Kg7 26. Be6 Qe8 27. f6+ Kf8
28. Qc4 exf3 29. Qg4 Ne5 30. Qf5 Qc6 31. h3 f2+ 32. Kh2 Nf3+ 33. Kg3 Nh4 34.
Qg4 Qd6+  0-1

[Event "M.Chigorin Memorial 2017 "]
[Site "?????-?????????"]
[Date "2017.10.21"]
[Round "1"]
[Board "170"]
[White "Baltabaev, Temirlan"]
[Black "Sokolov, Ilia"]
[Result "1-0"]
[WhiteElo "2353"]
[BlackElo "1909"]
[PlyCount "47"]
[EventDate "2017.10.21"]
[EventRounds "9"]
[EventCountry "RUS"]

1. d4 d5 2. c4 e6 3. Nf3 Nf6 4. g3 c6 5. Bg2 dxc4 6. O-O b5 7. Ne5 Bb7 8. Nc3
a6 9. a4 Qb6 10. e4 Nbd7 11. Be3 Qc7 12. f4 Rd8 13. Qe2 c5 14. axb5 cxd4 15.
bxa6 dxe3 16. axb7 Nxe5 17. fxe5 Qxe5 18. Qxc4 Bc5 19. Ne2 O-O 20. Ra5 Nd7 21.
b4 Qc7 22. Rc1 Qxb7 23. bxc5 Qb2 24. Ra2  1-0

[Event "M.Chigorin Memorial 2017 "]
[Site "?????-?????????"]
[Date "2017.10.21"]
[Round "1"]
[Board "171"]
[White "Shkuratov, Vladimir"]
[Black "Karasev, Vladimir I"]
[Result "0-1"]
[WhiteElo "1887"]
[BlackElo "2339"]
[PlyCount "126"]
[EventDate "2017.10.21"]
[EventRounds "9"]
[EventCountry "RUS"]

1. e4 c5 2. Nf3 e6 3. d4 cxd4 4. Nxd4 Qb6 5. Nb3 Qc7 6. Nc3 a6 7. Bd3 Nf6 8.
O-O b5 9. a3 Bb7 10. f4 d6 11. Be3 Nbd7 12. Qf3 Rc8 13. Rae1 Be7 14. Qg3 g6 15.
Kh1 h5 16. h3 h4 17. Qf3 Nh5 18. Bf2 Ng3+ 19. Bxg3 hxg3 20. Re2 Bh4 21. Qe3 Nf6
22. Nd4 Qc5 23. Nf3 Ng4 24. hxg4 Bd8+ 25. Kg1 Bb6 26. Nd1 Qc7 27. Nd4 e5 28. c3
exd4 29. cxd4 Qe7 30. g5 f6 31. Qxg3 Bxd4+ 32. Ne3 fxg5 33. Qxg5 Qxg5 34. fxg5
Rc5 35. Rd1 Ke7 36. Bb1 Bxe3+ 37. Rxe3 Rxg5 38. Ba2 Re5 39. Bd5 Bxd5 40. Rxd5
Rc8 41. Rxe5+ dxe5 42. Kf2 Rc2+ 43. Re2 Rc4 44. Ke3 b4 45. Rd2 bxa3 46. bxa3
Ke6 47. Rd3 a5 48. Rb3 Kf6 49. Kd3 Ra4 50. Rc3 Kg5 51. Ke3 Rd4 52. Rc5 Ra4 53.
Kf2 Rxa3 54. Rxe5+ Kf4 55. Re8 Ra2+ 56. Kf1 a4 57. e5 a3 58. e6 Kf5 59. e7 Kf6
60. g4 Kf7 61. Rg8 Kxe7 62. Rxg6 Rb2 63. Ra6 a2  0-1

[Event "M.Chigorin Memorial 2017 "]
[Site "?????-?????????"]
[Date "2017.10.21"]
[Round "1"]
[Board "172"]
[White "Korennoi, Viktor"]
[Black "Yakovlev, Yuri S."]
[Result "1-0"]
[WhiteElo "2227"]
[BlackElo "1876"]
[PlyCount "91"]
[EventDate "2017.10.21"]
[EventRounds "9"]
[EventCountry "RUS"]

1. d4 d5 2. c4 e6 3. Nc3 Nf6 4. Bg5 Be7 5. e3 c6 6. Nf3 Nbd7 7. Qc2 h6 8. Bh4
O-O 9. Bd3 dxc4 10. Bxc4 Nd5 11. Bg3 N7b6 12. Be2 Bd6 13. Ne5 Bxe5 14. Bxe5 Nd7
15. Bg3 f5 16. O-O N7f6 17. Rfe1 Bd7 18. Bf1 Nh5 19. Be5 Nxc3 20. Qxc3 Nf6 21.
b4 Ng4 22. Bg3 h5 23. f3 Nh6 24. h3 g5 25. Qd2 h4 26. Bh2 Qf6 27. Kh1 Qg6 28.
Bd3 Qh5 29. Rac1 g4 30. fxg4 fxg4 31. Rc5 Nf5 32. e4 Qh6 33. Qe2 Ng7 34. Qxg4
Rf7 35. Bc4 Qd2 36. Rd1 Qxb4 37. Bb3 Raf8 38. Be5 Rf1+ 39. Kh2 R1f7 40. Rd3 Qe1
41. Rf3 Kh7 42. Bxg7 Rxg7 43. Rh5+ Kg8 44. Bxe6+ Bxe6 45. Qxe6+ Rgf7 46. Rg5+
 1-0

[Event "M.Chigorin Memorial 2017 "]
[Site "?????-?????????"]
[Date "2017.10.21"]
[Round "1"]
[Board "173"]
[White "Efimenko, Aleksandr"]
[Black "Lagashin, Pavel"]
[Result "0-1"]
[WhiteElo "1865"]
[BlackElo "2138"]
[PlyCount "116"]
[EventDate "2017.10.21"]
[EventRounds "9"]
[EventCountry "RUS"]

1. e4 c5 2. Nf3 e6 3. d4 cxd4 4. Nxd4 Nc6 5. Nc3 Qc7 6. Be2 a6 7. O-O Nf6 8.
Nb3 b5 9. a3 Be7 10. f4 d6 11. Be3 Bb7 12. Bf3 O-O 13. Qe1 b4 14. axb4 Nxb4 15.
Qf2 Rac8 16. Rfd1 d5 17. e5 Ne4 18. Bxe4 dxe4 19. Bb6 Bh4 20. g3 e3 21. Bxe3
Qc6 22. Kf1 Nxc2 23. Qxc2 Qh1+ 24. Bg1 Bd8 25. Qf2 Rc6 26. Na4 Rc4 27. Nbc5 Bc6
28. Rd4 Rxd4 29. Qxd4 Qg2+ 30. Ke1 Bb5 31. Qf2 Qd5 32. Nc3 Qc4 33. Nxb5 Qxb5
34. Qe2 Qb4+ 35. Kf1 a5 36. Nd3 Qb7 37. Nc5 Qc6 38. b3 Bb6 39. Qe4 Qb5+ 40. Qc4
Qc6 41. Ne4 Qb7 42. Bxb6 Qxb6 43. Nd6 Qe3 44. Kg2 g5 45. fxg5 Qxe5 46. Rd1 Rd8
47. Qa6 Qb2+ 48. Kh3 Qxb3 49. Qf1 e5 50. Qf6 Qe6+ 51. Qxe6 fxe6 52. Rd2 a4 53.
Nc4 Rd4 54. Rxd4 exd4 55. Kg4 e5 56. Kf5 d3 57. Nd2 a3 58. Ne4 a2  0-1

[Event "M.Chigorin Memorial 2017 "]
[Site "?????-?????????"]
[Date "2017.10.21"]
[Round "1"]
[Board "174"]
[White "Shirshov, Nikolay"]
[Black "Bushueva, Tatjana"]
[Result "1-0"]
[WhiteElo "2134"]
[BlackElo "1737"]
[PlyCount "53"]
[EventDate "2017.10.21"]
[EventRounds "9"]
[EventCountry "RUS"]

1. Nf3 Nf6 2. c4 e6 3. g3 b6 4. Bg2 Bb7 5. O-O Be7 6. Nc3 O-O 7. d4 c5 8. d5 d6
9. dxe6 fxe6 10. Bh3 Ne4 11. Bxe6+ Kh8 12. Nxe4 Bxe4 13. Bd5 Bxd5 14. Qxd5 Nd7
15. Rd1 Nf6 16. Qe6 Ne8 17. Ne5 Nc7 18. Nf7+ Rxf7 19. Qxf7 b5 20. Bf4 bxc4 21.
Be5 Ne8 22. Bc3 Nf6 23. e4 Bf8 24. e5 Ne4 25. exd6 Nxc3 26. bxc3 Bxd6 27. Qe6
 1-0

[Event "M.Chigorin Memorial 2017 "]
[Site "?????-?????????"]
[Date "2017.10.21"]
[Round "1"]
[Board "175"]
[White "Kozyakov, Andrey"]
[Black "Bondarenko, Ivan"]
[Result "0-1"]
[WhiteElo "1727"]
[BlackElo "2131"]
[PlyCount "46"]
[EventDate "2017.10.21"]
[EventRounds "9"]
[EventCountry "RUS"]

1. e4 c5 2. Nf3 e6 3. d4 cxd4 4. Nxd4 Nf6 5. Bd3 Nc6 6. Nxc6 bxc6 7. c4 e5 8.
Nc3 Be7 9. f4 d6 10. f5 O-O 11. Bc2 a5 12. Be3 Ba6 13. b3 Bb7 14. Qf3 d5 15.
exd5 Bb4 16. Bd2 e4 17. Nxe4 Bxd2+ 18. Nxd2 Re8+ 19. Kf1 cxd5 20. Rd1 Qe7 21.
Qd3 dxc4 22. Nxc4 Rad8 23. Nd6 Rxd6  0-1

[Event "M.Chigorin Memorial 2017 "]
[Site "?????-?????????"]
[Date "2017.10.21"]
[Round "1"]
[Board "176"]
[White "Zakirov, Rafael"]
[Black "Tsarkov, Mikhail"]
[Result "1-0"]
[WhiteElo "2120"]
[BlackElo "1701"]
[PlyCount "65"]
[EventDate "2017.10.21"]
[EventRounds "9"]
[EventCountry "RUS"]

1. d4 d5 2. c4 c6 3. Nf3 Nf6 4. e3 Bf5 5. Nc3 e6 6. Nh4 Bg6 7. Nxg6 hxg6 8. Bd3
Bb4 9. Qb3 Bxc3+ 10. Qxc3 Ng4 11. h3 Nd7 12. Qc2 Qc7 13. Bxg6 O-O-O 14. Bd3
dxc4 15. Bxc4 Rdf8 16. Qe2 Ndf6 17. Bd2 Nh6 18. O-O-O Nf5 19. Bd3 Nd6 20. e4
Nb5 21. Be3 Rd8 22. Bxb5 cxb5+ 23. Kb1 Kb8 24. Rc1 Qd7 25. f3 Nh5 26. Rhd1 f5
27. g4 f4 28. Bd2 Nf6 29. Bxf4+ Ka8 30. Rc7 Qe8 31. Rxg7 Rxh3 32. Bg5 Qh8 33.
Bxf6  1-0

[Event "M.Chigorin Memorial 2017 "]
[Site "?????-?????????"]
[Date "2017.10.21"]
[Round "1"]
[Board "177"]
[White "Shemakhanov, Danila"]
[Black "Huseynov, Murad"]
[Result "0-1"]
[WhiteElo "1542"]
[BlackElo "2076"]
[PlyCount "112"]
[EventDate "2017.10.21"]
[EventRounds "9"]
[EventCountry "RUS"]

1. e4 e5 2. Nf3 Nf6 3. Nxe5 d6 4. Nf3 Nxe4 5. Nc3 Nxc3 6. dxc3 Be7 7. Bf4 Nd7
8. Qd2 Nf6 9. Bd3 Bg4 10. Nd4 Nd5 11. Bc4 Nb6 12. Be2 Bxe2 13. Nxe2 Qd7 14.
O-O-O O-O-O 15. Ng3 Rhe8 16. Rhe1 d5 17. Qd3 g6 18. Kb1 Bc5 19. Be3 Bxe3 20.
Rxe3 Rxe3 21. Qxe3 Re8 22. Qd4 Qe7 23. a3 f5 24. Rd2 Qe1+ 25. Rd1 Qe5 26. Qd3
f4 27. Nf1 Qe2 28. Qd4 Re4 29. Qh8+ Re8 30. Qd4 Qe4 31. Qd2 Qxg2 32. Qxf4 Qe4
33. Qxe4 Rxe4 34. Ne3 Rh4 35. Nxd5 Nxd5 36. Rxd5 Rxh2 37. Rd2 h5 38. Kc1 Rh1+
39. Rd1 Rxd1+ 40. Kxd1 Kd7 41. Ke2 Ke6 42. Kf3 Kf5 43. b4 b5 44. Kg3 g5 45. Kh3
Kf4 46. Kg2 g4 47. c4 bxc4 48. a4 h4 49. a5 c3 50. b5 Ke4 51. a6 Kf4 52. Kf1
Kf3 53. b6 cxb6 54. Kg1 h3 55. Kf1 h2 56. Ke1 h1=Q#  0-1